1380 1982 1453 1848 1172 1305 1725 1634 1918 1312 1279 1277 1384 1361 1799 1505 1096 1163 1955 1923 1903 1932 1733 1251 1072 1743 1047 1940 1563 1625 1778 1541 1617 1423 1716 1698 1574 1247 1193 1957 1061 1618 1719 1541 1859 1644 1296 1510 1889 1484 1279 1224 1811 1160 1970 1270 1816 1140 1446 1817 1847 1941 1645 1054 1383 1138 1720 1516 1834 1535 1793 1833 1694 1142 1654 1444 1419 1643 1836 1598 1236 1882 1099 1487 1073 1735 1827 1474 1541 1659 1576 1697 1489 1059 1037 1544 1394 1230 1823 BCNSPRNW ULIB Ver.6.0+V

เปลี่ยนเป็นภาษาไทย

Change to English
 แสดงรายละเอียดบรรณานุกรม
  กลับหน้าหลัก

Brief Record : Get Marc (ISO 2709) : E-mail record : QR code < ปิดหน้าต่าง
LEADER : 00000nam 2200000uu 4500
001    13399124291
003     ULIB
008    150220s2557||||th 000 0 tha d
020    ^a9789744227430
060    ^aWK810^bก367
100    ^aวีระศักดิ์ ศรินนภากร,^eบรรณาธิการ
245    ^aการดูแลผู้ป่วยโรคเบาหวานที่ยากต่อการรักษา/^cกลุ่มงานอายุรศาสตร์ โรงพยาบาลราชวิถี
250    ^aพิมพ์ครั้งที่ 1
260    ^aกรุงเทพฯ :^bกลุ่มงานอายุรศาสตร์ โรงพยาบาลราชวิถี,^c2557
300    ^a170 หน้า;^b26 ซม.
650    ^aเบาหวาน^xการดูแล
710    ^aโรงพยาบาลราชวิถี.^bกลุ่มงานอายุรศาสตร์.
945    ^p150^l0^i22865
945    ^p150^l0^i22866
945    ^p150^l0^i23238
999    ^aทศพร เกษรทอง
รายการนี้ยังไม่มีแท็ก
คุณยังไม่ได้ล็อกอิน คุณสามารถมีกิจกรรมร่วมกับเว็บไซต์ได้ แต่ต้องล็อกอินก่อน ::
  ล็อกอิน

รายการสื่อสารสนเทศ

ลำดับที่ ประเภท เลขเรียก/บาร์โค้ด สถานที่ สถานะ
1. วิทยาศาสตร์การแพทย์ และสุขภาพ
วิทยาศาสตร์การแพทย์ และสุขภาพ
สถานะ=หนังสือเก่า
WK810 ก367 ฉ.1 
  Barcode: 22865
ห้องสมุดวิทยาเขตนครสวรรค์
►ส่วนจัดเก็บหนังสือเก่า นว.
บนชั้น
  ขอยืม
2. วิทยาศาสตร์การแพทย์ และสุขภาพ
วิทยาศาสตร์การแพทย์ และสุขภาพ
สถานะ=หนังสือเก่า
WK810 ก367 ฉ.2 
  Barcode: 22866
ห้องสมุดวิทยาเขตนครสวรรค์
►ส่วนจัดเก็บหนังสือเก่า นว.
บนชั้น
  ขอยืม
3. วิทยาศาสตร์การแพทย์ และสุขภาพ
วิทยาศาสตร์การแพทย์ และสุขภาพ
สถานะ=หนังสือเก่า
WK810 ก367 ฉ.3 
  Barcode: 23238
ห้องสมุดวิทยาเขตนครสวรรค์
►ส่วนจัดเก็บหนังสือเก่า นว.
บนชั้น
  ขอยืม

BibComment


ยังไม่เคยถูกคอมเมนท์

คอมเมนท์ทรัพยากรรายการนี้
  คอมเมนท์: การดูแลผู้ป่วยโร..


 Copyright 2026. Bcnsprnw @Library